[Event "GER-ch46 final email"]
[Site "GER email"]
[Date "2016.09.26"]
[Round "?"]
[White "Boos, Markus"]
[Black "Teipel, Thomas"]
[Result "1/2-1/2"]
[WhiteElo "2362"]
[BlackElo "2303"]
[PlyCount "61"]
[EventDate "2016.??.??"]
[EventType "tourn (corr)"]
[EventRounds "13"]
[EventCountry "GER"]
[SourceTitle "Corr 2017"]
[Source "ChessBase"]
[SourceDate "2017.09.19"]
[SourceVersion "1"]
[SourceVersionDate "2017.09.19"]
[SourceQuality "1"]

1. d4 Nf6 2. c4 e6 3. g3 d5 4. Nf3 Bb4+ 5. Bd2 Be7 6. Bg2 c6 7. Qc2 0-0 8. 0-0 b6 9. Bf4 Bb7 10. Rd1 Nbd7 11. Ne5 Nh5 12. Bd2 Nhf6 13. Bf4 Nh5 14. Bd2 Rc8 15. Nc3 Qc7 16. Nxd7 Qxd7 17. e4 dxc4 18. e5 g6 19. Ne4 Rfd8 20. Qxc4 Ng7 21. Bg5 Bxg5 22. Nxg5 c5 23. Bxb7 Qxb7 24. dxc5 bxc5 25. Qh4 h5 26. Ne4 Rd4 27. Nf6+ Kf8 28. Nh7+ Kg8 29. Nf6+ Kf8 30. Nh7+ Kg8 31. Nf6+ 1/2-1/2

[Event "GER-ch46 final email"]
[Site "GER email"]
[Date "2016.09.26"]
[Round "?"]
[White "Teipel, Thomas"]
[Black "Hauff, Andre"]
[Result "1/2-1/2"]
[WhiteElo "2303"]
[BlackElo "2343"]
[PlyCount "94"]
[EventDate "2016.??.??"]
[EventType "tourn (corr)"]
[EventRounds "13"]
[EventCountry "GER"]
[SourceTitle "Corr 2020"]
[Source "ChessBase"]
[SourceDate "2019.09.30"]
[SourceVersion "1"]
[SourceVersionDate "2019.09.30"]
[SourceQuality "1"]

1. d4 d5 2. c4 c6 3. Nf3 Nf6 4. Nc3 e6 5. e3 Nbd7 6. Qc2 Bd6 7. Bd3 0-0 8. 0-0 dxc4 9. Bxc4 b5 10. Bd3 Bb7 11. e4 e5 12. h3 Re8 13. Nxe5 Nxe5 14. dxe5 Bxe5 15. Be3 Qe7 16. Ne2 Bc7 17. Ng3 Bxg3 18. fxg3 Nd7 19. e5 h6 20. Rae1 Qxe5 21. Kh2 Nf6 22. Bf2 Qd6 23. Rd1 Qc7 24. b4 Rad8 25. Bxb5 Nd5 26. Bc4 Nxb4 27. Qa4 Nd5 28. Qxa7 Ra8 29. Qc5 Ra5 30. Qd4 Bc8 31. Bb3 Be6 32. Rfe1 Rea8 33. Qb2 Qb8 34. Bd4 Rxa2 35. Bxa2 Qxb2 36. Bxb2 Rxa2 37. Rd2 h5 38. Rde2 Nb6 39. Bd4 Rxe2 40. Rxe2 Nc4 41. Bc5 Kh7 42. Kg1 Kg6 43. Kf2 Bd5 44. Bf8 Nb6 45. Ke3 Nd7 46. Bd6 Kf5 47. Kd4 Kg6 1/2-1/2

[Event "GER-ch46 final email"]
[Site "GER email"]
[Date "2016.09.26"]
[Round "?"]
[White "Teipel, Thomas"]
[Black "Ulbig, Stefan"]
[Result "1/2-1/2"]
[WhiteElo "2303"]
[BlackElo "2339"]
[PlyCount "86"]
[EventDate "2016.??.??"]
[EventType "tourn (corr)"]
[EventRounds "13"]
[EventCountry "GER"]
[SourceTitle "Corr 2020"]
[Source "ChessBase"]
[SourceDate "2019.09.30"]
[SourceVersion "1"]
[SourceVersionDate "2019.09.30"]
[SourceQuality "1"]

1. Nf3 Nf6 2. g3 d5 3. Bg2 c5 4. 0-0 Nc6 5. d4 cxd4 6. Nxd4 e5 7. Nxc6 bxc6 8. c4 Be6 9. Nc3 Rc8 10. cxd5 cxd5 11. Qa4+ Qd7 12. Qxd7+ Kxd7 13. Rd1 Bc5 14. Na4 Be7 15. Bg5 Ng8 16. Be3 d4 17. Bd2 Nh6 18. e3 Nf5 19. Bc3 Kc7 20. exd4 Nxd4 21. Re1 Bd6 22. Bxd4 exd4 23. Re4 Rhd8 24. Rxd4 Be7 25. Rc1+ Kb8 26. Rxc8+ Kxc8 27. Rxd8+ Kxd8 28. b3 Kc7 29. Nc3 Kd6 30. Nb5+ Kc5 31. Nxa7 Bd7 32. a4 Kb6 33. Nb5 Bxb5 34. axb5 Kxb5 35. Bd5 f6 36. Kg2 Bc5 37. f4 h6 38. Kf3 f5 39. Be6 Kb4 40. h3 Bd4 41. h4 Bc5 42. Bxf5 Kxb3 43. g4 Be7 1/2-1/2

[Event "WC-2016-Q-00012"]
[Site "LSS email"]
[Date "2016.08.29"]
[Round "?"]
[White "Sidenko, Anatoly"]
[Black "Teipel, Thomas"]
[Result "1/2-1/2"]
[WhiteElo "2403"]
[BlackElo "2495"]
[PlyCount "81"]
[EventDate "2016.09.03"]
[EventType "tourn (corr)"]
[EventRounds "12"]
[EventCountry "GER"]
[SourceTitle "Corr 2022"]
[Source "ChessBase"]
[SourceDate "2021.10.24"]
[SourceVersion "1"]
[SourceVersionDate "2021.10.24"]
[SourceQuality "1"]

1. e4 c6 2. d4 d5 3. e5 c5 4. Nf3 cxd4 5. Nxd4 Nc6 6. Nc3 e6 7. f4 Nge7 8. Nce2 Qb6 9. c3 Bd7 10. Qb3 f6 11. exf6 gxf6 12. Qxb6 axb6 13. g3 h5 14. Nb5 Kf7 15. Be3 Na5 16. Nd6+ Kg7 17. Nd4 Nec6 18. N6b5 Nxd4 19. Nxd4 h4 20. g4 Bc5 21. 0-0-0 Nc6 22. Kb1 e5 23. fxe5 fxe5 24. Nc2 Be6 25. Bg2 Rad8 26. h3 Bxe3 27. Nxe3 d4 28. cxd4 exd4 29. Nc2 d3 30. Ne3 Rhe8 31. Rhe1 Kf6 32. b3 Kg5 33. Nf1 Bg8 34. Nd2 Rxe1 35. Rxe1 Kf4 36. g5 Bd5 37. Be4 Bxe4 38. Rxe4+ Kg3 39. Kc1 Rd5 40. g6 Rg5 41. Rxh4 1/2-1/2

[Event "WC-2016-Q-00012"]
[Site "LSS email"]
[Date "2016.08.29"]
[Round "?"]
[White "Szabo, Vilmos"]
[Black "Teipel, Thomas"]
[Result "1/2-1/2"]
[WhiteElo "2439"]
[BlackElo "2495"]
[PlyCount "66"]
[EventDate "2016.09.03"]
[EventType "tourn (corr)"]
[EventRounds "12"]
[EventCountry "GER"]
[SourceTitle "Corr 2022"]
[Source "ChessBase"]
[SourceDate "2021.10.24"]
[SourceVersion "1"]
[SourceVersionDate "2021.10.24"]
[SourceQuality "1"]

1. d4 Nf6 2. c4 e6 3. Nf3 b6 4. Nc3 Bb4 5. e3 c5 6. Bd3 d5 7. cxd5 exd5 8. 0-0 0-0 9. a3 Bxc3 10. bxc3 Nc6 11. Ne5 Ne7 12. a4 Bf5 13. Ba3 Bxd3 14. Qxd3 Qd6 15. Qa6 Rfd8 16. f3 Ne8 17. Qe2 Qe6 18. Rfe1 Nc6 19. Nxc6 Qxc6 20. Qb5 Qxb5 21. axb5 cxd4 22. cxd4 f6 23. g4 Rdc8 24. Rec1 Rxc1+ 25. Rxc1 Kf7 26. Kf2 Rd8 27. Ke2 Rd7 28. Rb1 Nc7 29. Bc1 g6 30. Bd2 f5 31. gxf5 gxf5 32. Kd3 Ne6 33. Be1 f4 1/2-1/2

[Event "WC-2016-Q-00012"]
[Site "LSS email"]
[Date "2016.08.29"]
[Round "?"]
[White "Teipel, Thomas"]
[Black "Morcin, Tom"]
[Result "1-0"]
[WhiteElo "2495"]
[BlackElo "2293"]
[PlyCount "165"]
[EventDate "2016.09.03"]
[EventType "tourn (corr)"]
[EventRounds "12"]
[EventCountry "GER"]
[SourceTitle "Corr 2022"]
[Source "ChessBase"]
[SourceDate "2021.10.24"]
[SourceVersion "1"]
[SourceVersionDate "2021.10.24"]
[SourceQuality "1"]

1. d4 Nf6 2. c4 e6 3. g3 d5 4. Nf3 Bb4+ 5. Bd2 Be7 6. Bg2 0-0 7. 0-0 c6 8. Qc2 b6 9. Bf4 Nbd7 10. Rd1 Bb7 11. Ne5 Nh5 12. Bd2 Nhf6 13. cxd5 cxd5 14. Nc6 Bxc6 15. Qxc6 Rc8 16. Qb5 Nb8 17. e3 Ne8 18. Qe2 Qd7 19. Nc3 f5 20. Rac1 a6 21. Be1 g6 22. Rd2 Nd6 23. Rdc2 Kg7 24. Qd1 Nc6 25. Na4 Qb7 26. Bf1 Na7 27. Nc3 Kf7 28. a4 Rc6 29. Qe2 Qd7 30. Qf3 Qb7 31. Qe2 Qd7 32. Qd1 Qb7 33. Bd3 Rfc8 34. h4 b5 35. axb5 axb5 36. Ne2 Nc4 37. Ra1 Nd6 38. Bb4 Rxc2 39. Bxc2 Nc4 40. Bxe7 Qxe7 41. b3 Nd6 42. Nf4 Nc6 43. Kg2 h6 44. Bd3 Qb7 45. Be2 g5 46. Nd3 Ne4 47. Bf3 Kg8 48. Rc1 Nd6 49. hxg5 hxg5 50. g4 f4 51. Qe1 Nf7 52. Qd2 Nh8 53. exf4 Nxd4 54. Qe3 Rxc1 55. Nxc1 Nxf3 56. Qxe6+ Kg7 57. Kxf3 Ng6 58. Nd3 d4+ 59. Kg3 Qc7 60. Qd5 gxf4+ 61. Kf3 Qc2 62. Qxb5 Qd1+ 63. Ke4 Qxg4 64. Kxd4 f3+ 65. Kc3 Qe4 66. b4 Kf8 67. Qb8+ Kf7 68. Qd6 Qe6 69. Qxe6+ Kxe6 70. Kd4 Kd6 71. Ne1 Ne5 72. Ke4 Nc6 73. Nc2 Ne5 74. Nd4 Nd7 75. Nxf3 Nf6+ 76. Kd3 Ng4 77. Ke2 Kd5 78. Ne1 Ne5 79. Nc2 Ke4 80. Kd2 Nd7 81. b5 Kd5 82. Kc3 Kc5 83. Na3 1-0

[Event "GER-chT11-B3 email"]
[Site "GER email"]
[Date "2015.10.15"]
[Round "?.2"]
[White "Teipel, Thomas"]
[Black "Bergerhoff, Ralf"]
[Result "1/2-1/2"]
[WhiteElo "2292"]
[BlackElo "2472"]
[PlyCount "87"]
[EventDate "2015.??.??"]
[EventType "tourn (corr)"]
[EventRounds "8"]
[EventCountry "GER"]
[SourceTitle "Corr 2017"]
[Source "ChessBase"]
[SourceDate "2017.09.19"]
[SourceVersion "1"]
[SourceVersionDate "2017.09.19"]
[SourceQuality "1"]
[WhiteTeam "ChessWhisperer"]
[BlackTeam "Springergabel"]

1. e4 c5 2. c3 Nf6 3. e5 Nd5 4. Nf3 Nc6 5. Bc4 Nb6 6. Bb3 g6 7. d4 cxd4 8. Ng5 d5 9. exd6 e6 10. Qf3 Ne5 11. Qg3 Bxd6 12. Ne4 0-0 13. Nxd6 Qxd6 14. Bh6 Re8 15. cxd4 Nec4 16. Nc3 Qxg3 17. hxg3 f5 18. 0-0-0 Bd7 19. g4 fxg4 20. Ne4 Rec8 21. Kb1 Bc6 22. Rde1 Kf7 23. f3 gxf3 24. gxf3 Bd5 25. Rh4 Nd7 26. Bxc4 Rxc4 27. Nd6+ Kg8 28. Nxc4 Bxc4 29. Rc1 Rc8 30. b3 Bd3+ 31. Kb2 Rxc1 32. Kxc1 Bb5 33. Kd2 Bc6 34. Ke3 Kf7 35. Kf4 a6 36. Kg3 Bd5 37. Rh2 Nf6 38. Kf4 Nd7 39. Rc2 Bc6 40. Rh2 Bd5 41. Bg5 Kg7 42. Kg3 Bc6 43. Bf4 h5 44. Bg5 1/2-1/2

[Event "GER-chT11-B3 email"]
[Site "GER email"]
[Date "2015.10.15"]
[Round "?.2"]
[White "Teipel, Thomas"]
[Black "Nogga, Uwe"]
[Result "1/2-1/2"]
[WhiteElo "2292"]
[BlackElo "2470"]
[PlyCount "76"]
[EventDate "2015.??.??"]
[EventType "tourn (corr)"]
[EventRounds "8"]
[EventCountry "GER"]
[SourceTitle "Corr 2017"]
[Source "ChessBase"]
[SourceDate "2017.09.19"]
[SourceVersion "1"]
[SourceVersionDate "2017.09.19"]
[SourceQuality "1"]
[WhiteTeam "ChessWhisperer"]
[BlackTeam "Siegener SV 1878"]

1. d4 Nf6 2. c4 g6 3. Nc3 Bg7 4. e4 d6 5. Be2 0-0 6. Nf3 e5 7. 0-0 Nc6 8. d5 Ne7 9. Be3 Ng4 10. Bd2 f5 11. Ne1 Nf6 12. f3 f4 13. Nd3 g5 14. a4 h5 15. a5 Ng6 16. c5 Rb8 17. b4 g4 18. fxg4 Nxg4 19. h3 Qg5 20. hxg4 hxg4 21. g3 Qh5 22. Qe1 Rf7 23. Qf2 Bh6 24. Ra2 f3 25. Qh2 Qxh2+ 26. Kxh2 Bxd2 27. Rxd2 fxe2 28. Rxf7 Kxf7 29. Rxe2 Bd7 30. b5 dxc5 31. Nxc5 Ke7 32. Rf2 Nf8 33. a6 bxa6 34. Nxa6 Rc8 35. Nc5 Rb8 36. Nd3 Bxb5 37. Rb2 a6 38. Nxe5 Nd7 1/2-1/2

[Event "GER-chT11-B3 email"]
[Site "GER email"]
[Date "2015.09.29"]
[Round "?"]
[White "Even, Roland"]
[Black "Teipel, Thomas"]
[Result "1/2-1/2"]
[WhiteElo "2190"]
[BlackElo "2163"]
[PlyCount "78"]
[EventDate "2015.??.??"]
[EventType "tourn (corr)"]
[EventRounds "8"]
[EventCountry "GER"]
[SourceTitle "Corr 2022"]
[Source "ChessBase"]
[SourceDate "2021.10.24"]
[SourceVersion "1"]
[SourceVersionDate "2021.10.24"]
[SourceQuality "1"]

1. d4 Nf6 2. Nf3 e6 3. c4 d5 4. Nc3 c6 5. Bg5 dxc4 6. e4 b5 7. e5 h6 8. Bh4 g5 9. Nxg5 hxg5 10. Bxg5 Nbd7 11. exf6 Bb7 12. g3 c5 13. d5 Nxf6 14. Bg2 Bh6 15. Bxf6 Qxf6 16. 0-0 0-0-0 17. Nxb5 a6 18. Nc3 exd5 19. Na4 Bc6 20. Re1 Kc7 21. Qc2 Rb8 22. Rab1 Qd6 23. b3 Bxa4 24. bxa4 Rxb1 25. Rxb1 Qe5 26. Qd1 Rd8 27. Qf3 f5 28. Qh5 Qf6 29. a5 c3 30. Qd1 Bg7 31. Qe2 Rd6 32. Qe3 c2 33. Qxc5+ Rc6 34. Qa7+ Kd6 35. Qb8+ Rc7 36. Rc1 Kd7 37. Qb3 Qa1 38. Qxd5+ Ke7 39. Qd2 Qxc1+ 1/2-1/2

[Event "GER-chT11-B3 email"]
[Site "GER email"]
[Date "2015.09.29"]
[Round "?"]
[White "Teipel, Thomas"]
[Black "Betker, Joerg"]
[Result "1/2-1/2"]
[WhiteElo "2163"]
[BlackElo "2174"]
[PlyCount "75"]
[EventDate "2015.??.??"]
[EventType "tourn (corr)"]
[EventRounds "8"]
[EventCountry "GER"]
[SourceTitle "Corr 2020"]
[Source "ChessBase"]
[SourceDate "2019.09.30"]
[SourceVersion "1"]
[SourceVersionDate "2019.09.30"]
[SourceQuality "1"]

1. Nf3 Nf6 2. c4 e6 3. Nc3 d5 4. d4 Be7 5. Bf4 0-0 6. e3 Nbd7 7. c5 Nh5 8. Bd3 Nxf4 9. exf4 b6 10. b4 a5 11. a3 c6 12. 0-0 Qc7 13. g3 Ba6 14. Kg2 Rfb8 15. h4 Bf6 16. Bxa6 Rxa6 17. Qd3 Ra7 18. Rfc1 g6 19. Ne5 Nxe5 20. fxe5 Be7 21. Na4 b5 22. Nb6 f6 23. Qe2 fxe5 24. Qg4 Kf7 25. h5 Bf6 26. Rh1 Bg7 27. hxg6+ hxg6 28. Rh7 Rh8 29. Rxh8 Bxh8 30. dxe5 axb4 31. Rh1 Bg7 32. axb4 Qd8 33. Re1 Ra3 34. Qe2 Qh8 35. Qb2 Ra6 36. Qd4 Qe8 37. Re3 Ra7 38. Rf3+ 1/2-1/2

[Event "CP-2015-P-00020"]
[Site "LSS email"]
[Date "2015.09.28"]
[Round "?"]
[White "Lozano, Margarita"]
[Black "Teipel, Thomas"]
[Result "0-1"]
[WhiteElo "1228"]
[BlackElo "2275"]
[PlyCount "78"]
[EventDate "2015.10.01"]
[EventType "tourn (corr)"]
[EventRounds "6"]
[EventCountry "GER"]
[SourceTitle "Corr 2022"]
[Source "ChessBase"]
[SourceDate "2021.10.24"]
[SourceVersion "1"]
[SourceVersionDate "2021.10.24"]
[SourceQuality "1"]

1. e4 e5 2. Nf3 Nc6 3. Bb5 a6 4. Ba4 b5 5. Bb3 Nf6 6. 0-0 Bb7 7. Re1 Bc5 8. c3 0-0 9. d4 Bb6 10. d5 Na5 11. Bc2 c6 12. d6 Re8 13. Nbd2 c5 14. Nf1 Bc6 15. Ng3 g6 16. Qd2 Nb7 17. Qh6 Nxd6 18. Bg5 Re6 19. Bxf6 Qxf6 20. Ng5 Ree8 21. Qxh7+ Kf8 22. Qh6+ Qg7 23. Nh7+ Kg8 24. Qxg7+ Kxg7 25. Ng5 a5 26. Rad1 Bc7 27. Re2 Ra7 28. Bb1 c4 29. Red2 b4 30. Rxd6 Bxd6 31. Rxd6 bxc3 32. bxc3 Rb7 33. Bc2 Rb2 34. Rd2 Ba4 35. Bxa4 Rxd2 36. Bxd7 Rxd7 37. Nf3 Rd3 38. Ne2 Rd1+ 39. Ne1 Rxe1# 0-1

[Event "GER-ch46 V03 email"]
[Site "GER email"]
[Date "2014.04.03"]
[Round "?"]
[White "Kappes, Dieter"]
[Black "Teipel, Thomas"]
[Result "1/2-1/2"]
[WhiteElo "2110"]
[BlackElo "2138"]
[PlyCount "117"]
[EventDate "2014.04.16"]
[EventType "tourn (corr)"]
[EventRounds "8"]
[EventCountry "GER"]
[SourceTitle "Corr 2020"]
[Source "ChessBase"]
[SourceDate "2019.09.30"]
[SourceVersion "1"]
[SourceVersionDate "2019.09.30"]
[SourceQuality "1"]

1. d4 Nf6 2. c4 e6 3. g3 d5 4. Nf3 dxc4 5. Bg2 a6 6. 0-0 Nc6 7. Nc3 Rb8 8. e4 Be7 9. Qe2 b5 10. Rd1 0-0 11. d5 exd5 12. e5 d4 13. exf6 Bxf6 14. Qe4 Bb7 15. Nd5 Nb4 16. Nxf6+ Qxf6 17. Qf4 c5 18. Qxf6 gxf6 19. Bf4 Rbc8 20. Bd6 Rfd8 21. Be7 Re8 22. Bxf6 Nd3 23. Rd2 Rc6 24. Bxd4 cxd4 25. Nxd4 Rc7 26. Bf1 Be4 27. Bxd3 Bxd3 28. Nc2 Re2 29. Rxe2 Bxe2 30. Re1 Bg4 31. Ne3 Be6 32. a3 Kg7 33. Kf1 Rd7 34. Rd1 Kf6 35. f4 Rxd1+ 36. Nxd1 Ke7 37. Nc3 Kd6 38. Ke2 Kc5 39. Ke3 f5 40. Ne2 h5 41. Nd4 Bc8 42. Nc2 a5 43. Nd4 b4 44. axb4+ axb4 45. Nf3 Bb7 46. Ne5 b3 47. Nd7+ Kb4 48. Kd2 c3+ 49. Kc1 c2 50. Kd2 Kc4 51. Nf6 Bf3 52. Ne8 Kc5 53. Ng7 Bg4 54. h3 Bxh3 55. Nxh5 Bg2 56. Ng7 Be4 57. Nxf5 Bxf5 58. g4 Bxg4 59. f5 1/2-1/2

[Event "GER-ch46 V03 email"]
[Site "GER email"]
[Date "2014.04.03"]
[Round "?"]
[White "Schmidt, Theo"]
[Black "Teipel, Thomas"]
[Result "1/2-1/2"]
[WhiteElo "2146"]
[BlackElo "2138"]
[PlyCount "78"]
[EventDate "2014.04.16"]
[EventType "tourn (corr)"]
[EventRounds "8"]
[EventCountry "GER"]
[SourceTitle "Corr 2020"]
[Source "ChessBase"]
[SourceDate "2019.09.30"]
[SourceVersion "1"]
[SourceVersionDate "2019.09.30"]
[SourceQuality "1"]

1. d4 Nf6 2. c4 e6 3. g3 d5 4. Bg2 Bb4+ 5. Bd2 Be7 6. Nf3 c6 7. 0-0 0-0 8. Qc2 b6 9. Rd1 Nbd7 10. Bf4 Ba6 11. b3 Rc8 12. Nc3 dxc4 13. e4 Bb4 14. e5 Nd5 15. Bg5 Be7 16. Ne4 c5 17. Bxe7 Qxe7 18. Nd6 Rc7 19. bxc4 cxd4 20. Qa4 Nc5 21. Qa3 Nc3 22. Rd2 Bb7 23. Nxd4 Bxg2 24. Qxc3 Ba8 25. Rad1 f5 26. f4 g5 27. Qe3 gxf4 28. Qxf4 Qg7 29. Rf1 Qg6 30. Qh4 h6 31. Nb3 Ne4 32. Nxe4 Bxe4 33. Rd8 Rcf7 34. Nd4 Rxd8 35. Qxd8+ Kh7 36. Qd6 Bd3 37. Nxe6 Bxf1 38. Kxf1 Qg4 39. Qd5 Re7 1/2-1/2

[Event "GER-ch46 V03 email"]
[Site "GER email"]
[Date "2014.04.03"]
[Round "?"]
[White "Tiemann, Hagen"]
[Black "Teipel, Thomas"]
[Result "0-1"]
[WhiteElo "2146"]
[BlackElo "2144"]
[PlyCount "106"]
[EventDate "2014.04.16"]
[EventType "tourn (corr)"]
[EventRounds "8"]
[EventCountry "GER"]
[SourceTitle "Corr 2015"]
[Source "ChessBase"]
[SourceDate "2015.07.17"]
[SourceVersion "1"]
[SourceVersionDate "2015.07.17"]
[SourceQuality "1"]

1. e4 e5 2. Nf3 Nc6 3. Bb5 a6 4. Ba4 Nf6 5. d3 Bc5 6. c3 b5 7. Bb3 d6 8. 0-0 0-0 9. Bg5 h6 10. Bh4 Rb8 11. Nbd2 Ba7 12. Re1 Bd7 13. Nf1 g5 14. Bg3 a5 15. Ne3 Ne7 16. h3 Bxe3 17. Rxe3 Ng6 18. d4 Qe7 19. Qd2 a4 20. Bc2 Rfd8 21. Rd1 Be6 22. d5 Bd7 23. Ree1 Nh5 24. Nh2 Nhf4 25. Ng4 Bxg4 26. hxg4 Kg7 27. Bd3 Rh8 28. Be2 h5 29. gxh5 Nxh5 30. Bxh5 Rxh5 31. f3 Rbh8 32. Kf2 g4 33. Rg1 gxf3 34. gxf3 f5 35. exf5 Rxf5 36. Rde1 a3 37. b3 Qf6 38. Qd3 Rf8 39. Re3 Rf7 40. Ke1 Rg5 41. Kf2 Kg8 42. Qxb5 Rg7 43. Ree1 Qf5 44. Qe2 Rg4 45. Qb5 Rf7 46. Re3 Qh5 47. Qa6 Rg5 48. Qa4 Qh3 49. Re4 Qf5 50. Re3 Rg7 51. Qe4 Qh3 52. f4 Rf7 53. f5 Ne7 0-1

[Event "GER-ch46 V03 email"]
[Site "GER email"]
[Date "2014.04.03"]
[Round "?"]
[White "Ulbig, Stefan"]
[Black "Teipel, Thomas"]
[Result "1/2-1/2"]
[WhiteElo "2191"]
[BlackElo "2138"]
[PlyCount "86"]
[EventDate "2014.04.16"]
[EventType "tourn (corr)"]
[EventRounds "8"]
[EventCountry "GER"]
[SourceTitle "Corr 2020"]
[Source "ChessBase"]
[SourceDate "2019.09.30"]
[SourceVersion "1"]
[SourceVersionDate "2019.09.30"]
[SourceQuality "1"]

1. e4 c5 2. Nf3 Nc6 3. Bb5 g6 4. 0-0 Bg7 5. Re1 Nf6 6. c3 0-0 7. h3 Qb6 8. Ba4 Rd8 9. c4 d6 10. d3 Nd4 11. Nc3 e6 12. Rb1 a6 13. a3 Bd7 14. Bg5 h6 15. Bh4 Bc6 16. Nxd4 cxd4 17. Ne2 a5 18. f4 Rdb8 19. f5 g5 20. Bf2 e5 21. Nc3 Qd8 22. Nb5 Rc8 23. Bb3 d5 24. Nxd4 exd4 25. cxd5 Nxd5 26. exd5 Bxd5 27. Ba4 Bc6 28. Rc1 Ra6 29. Bxc6 Raxc6 30. Rxc6 Rxc6 31. Qe2 Kf8 32. h4 Bf6 33. hxg5 hxg5 34. Bg3 Kg7 35. Qg4 a4 36. Be5 Bxe5 37. Rxe5 Rc1+ 38. Kf2 Rc2+ 39. Kg1 Kf6 40. Rb5 Qd7 41. Rb6+ Rc6 42. Rb4 Rc1+ 43. Kf2 Qxf5+ 1/2-1/2